| 000 | 01012nam a2200241Ia 4500 | ||
|---|---|---|---|
| 999 |
_c34664 _d34664 |
||
| 001 | 442 | ||
| 003 | GE_BSU | ||
| 005 | 20221223165836.0 | ||
| 008 | 181216s2004||||ge |||||||||||||| ||geo|| | ||
| 020 | _a9994017446 | ||
| 040 | _cGE_BSU | ||
| 041 | _ageo | ||
| 080 | _a347.8 გ–41 | ||
| 100 |
_aგეფერიძე, დავით _92831 |
||
| 245 |
_aთანამედროვე საჰაერო / _cდავით გეფერიძე; რედ. ვიტალი ბორდუნოვი, თეიმურაზ შაქირაძე. |
||
| 264 |
_a თბილისი: _bჯისიაი, _c2004. |
||
| 300 | _a407გვ. | ||
| 541 | _h18ლ. | ||
| 653 | _aთანამედროვე საჰაერო სამართალი | ||
| 700 |
_aბორდუნოვი, ვიტალი _eრედაქტორი _916560 |
||
| 700 |
_aშაქირაძე, თეიმურაზ _eრედაქტორი _916562 |
||
| 942 |
_cBK _2udc |
||